| 000 | 00791nam a2200229 a 4500 | ||
|---|---|---|---|
| 001 | BRCA_1196 | ||
| 005 | 20190320203325.0 | ||
| 008 | 930930s1986 mx-a---###---#000-0#spa-# | ||
| 020 | _a968619200X | ||
| 040 |
_aDLC _cDLC |
||
| 050 | 4 |
_aF1391.C6 _b.E94 1992 |
|
| 100 | 1 |
_aEveraert Dubernard, Luis _9929 |
|
| 245 | 1 | 0 |
_aCoyoacán a vuelapluma _ctexto, Luis Everaert Dubernard ; prólogo, Guillermo Tovar de Teresa. |
| 260 |
_a[México] _bBanco del Atlántico _c1986 |
||
| 300 |
_a137 p. _bil. a color _c32 cm. |
||
| 650 | 1 | 4 |
_aMonumentos históricos _zMéxico _93156 |
| 651 | 4 |
_aCoyoacán (México) _xHistoria _93930 |
|
| 651 | 4 |
_aCoyoacán (México) _xVida social y costumbres _93931 |
|
| 651 | 4 |
_aCoyoacán (México) _xTrabajos Ilustrados _93932 |
|
| 653 | 0 | _aVida cotidiana | |
| 942 |
_2lcc _cB |
||
| 999 |
_c1069 _d1069 |
||